000 02030nam a2200493 i 4500
001 24239
003 KOSZ 005
005 20240405063034.0
008 990909s1998 pl f |000 0 pol d
040 _cKOSZ 005
_aKOSZ 005
_dKOSZ 005/HR
041 _apol
045 _bd1998
046 _k1998
080 _a625.7/.8
080 _a528
080 _a332.7
080 _a347.2(438)
080 _a349.4(438)
245 0 0 _aOpracowanie dokumentacji geodezyjnej i kartograficznej związanej z nabywaniem nieruchomości pod pasy drogowe :
_bGG-00.21.03 /
_coprac. Wielobranżowe Przedsiębiorstwo Produkcyjno-Usługowe "GEOTRAS" ; na zlec. Generalnej Dyrekcji Dróg Publicznych ; oprac. red. Branżowy Zakład Doświadczalny Budownictwa Drogowego Mostowego.
246 3 0 _aGG-00.21.03
250 _aStan na 31 sierpnia1998 r.
260 _aWarszawa :
_bBranżowy Zakład Doświadczalny Budownictwa Drogowego Mostowego,
_c1998.
300 _a17 s. ;
_c21 cm.
380 _aDruki ulotne
388 _a1901-2000
388 _a1989-2000
490 1 _aOgólne Specyfikacje Techniczne
648 7 _a1901-2000
648 7 _a1989-2000
650 7 _aDokumentacja geodezyjno-kartograficzna
650 7 _aDrogi
650 7 _aNieruchomości
650 7 _aWywłaszczenie
650 7 _aPrawo administracyjne
651 7 _aPolska
658 _aPrawo i wymiar sprawiedliwości
710 2 _aMinisterstwo Transportu i Gospodarki Morskiej (Polska)
710 2 _aGeneralna Dyrekcja Dróg Publicznych (GDDP)
710 2 _aBranżowy Zakład Doświadczalny Budownictwa Drogowego i Mostowego
710 2 _aWielobranżowe Przedsiębiorstwo Produkcyjno-Usługowe "GEOTRAS".
830 0 _aOgólne Specyfikacje Techniczne
856 _uhttp://koha.tu.koszalin.pl/cgi-bin/koha/opac-detail.pl?biblionumber=24239
_yKatalog online BPK
942 _cKA
_2UKD
999 _c24239
_d24239